Kto Zagrał na Euro 2024? #18: PORTUGALIA - Statystyki

Ogólne statystyki
  • Ten quiz został rozwiązany 85 razy
  • Średni wynik to 9 z 11
Statystyki odpowiedzi
Pozycja Klub Zawodnik % Poprawnych
N Al-Nassr Cristiano Ronaldo
99%
LS Milan Rafael Leao
92%
ŚPO Man United Bruno Fernandes
89%
ŚO Porto Pepe
89%
ŚO Man City Ruben Dias
89%
PS Man City Bernardo Silva
82%
BR Porto Diogo Costa
81%
PO Barcelona Joao Cancelo
81%
ŚP Paris SG Vitinha
81%
LO Paris SG Nuno Mendes
76%
ŚP Fulham Joao Palhinha
41%
Nie znaleziono quizów pasujących do podanych kryteriów
Rozkład punktacji
Procent ludzi z każdym wynikiem
Percentyl według liczby udzielonych odpowiedzi
Twoja historia wyników
Nie rozwiązałeś tego quizu